000 01157nam a2200301 a 4500
001 000114458
003 CHAP
005 20220329144442.0
008 180131s2017 mx |sm |||||||spa d
010 _a110919
011 _a111891
040 _cCHAP
090 _aTesis
100 1 _aCubillos Salamanca, Yesica Paola
_9134517
245 1 0 _aEspecies de trips asociadas a cultivos comerciales de zarzamora en Michoacán y Jalisco y estado de la resistencia a insecticidas de uso común
_h[En línea]
_cpor Yesica Paola Cubillos Salamanca.
260 _aChapingo, Méx. :
_bEl autor,
_c2017.
500 _aPara ver el contenido del material haga clic en la liga
502 _aTesis (M. C. en Protección Vegetal) -- UACH. Departamento de Parasitología Agrícola
590 _aE6337LMJ
_b05
_c20180131
_lUCH01
_h0933
590 _aE6337LMJ
_b05
_c20180131
_lUCH01
_h0934
650 1 4 _aInsectos
_xResistencia a insecticidas.
_958941
650 1 4 _aZarzamora
_xMichoacán.
_9123740
650 1 4 _aZarzamora
_xPlagas.
_9123743
856 _aFinding aid
_uhttp://10.13.5.2/tesis/sist114458.pdf
_zTeclea aquí
901 _aBK
942 _cTESIS
942 _n0
999 _c110919
_d110919